| 000 | 00462nam a2200181Ia 4500 | ||
|---|---|---|---|
| 008 | 240510s9999 xx 000 0 und d | ||
| 020 | _a9789556770476 | ||
| 041 | _asih | ||
| 082 | _a891.483 | ||
| 082 | _bB31 | ||
| 100 | _aBHAGAT,Chetan : Trans:JAYAKODI,Dileepa | ||
| 245 | 0 | _aThun Thakathiru Kan Karapu Kenek Man (The 3 Mistakes Of My Life) | |
| 260 | _bColombo,Fast Publishing | ||
| 260 | _c2011 | ||
| 300 | _a407 p. | ||
| 942 | _2ddc | ||
| 942 | _cLBK | ||
| 999 |
_c28720 _d28720 |
||
| 945 |
_a1 _bMadushi Gamage _c1 _dMadushi Gamage |
||